Komparatívna analýza výdavkov obcí na služby s využitím benchmaringových indikátorov

Benchmarking ako metóda riadenia kvality. Benchmarking vo verejnej správe. Benchmarking v podmienkach miestnych samospráv. Analýza výdavkov obcí na komunálne služby benchmarkingovými indikátormi.

Guardado en:
Detalles Bibliográficos
Autor principal: Balážová, Eva
Otros Autores: Žárska, Elena, 1955-
Formato: Capítulo de libro
Lenguaje:eslovaco
Materias:
Etiquetas: Agregar Etiqueta
Sin Etiquetas, Sea el primero en etiquetar este registro!

MARC

LEADER 00000naa$a2200000$$$4500
001 0055921
005 20240502071633.3
041 0 |a slo 
044 |a SK 
245 1 0 |a Komparatívna analýza výdavkov obcí na služby s využitím benchmaringových indikátorov  |c Eva Balážová, Elena Žárska 
520 |a Benchmarking ako metóda riadenia kvality. Benchmarking vo verejnej správe. Benchmarking v podmienkach miestnych samospráv. Analýza výdavkov obcí na komunálne služby benchmarkingovými indikátormi. 
610 2 0 |a analýza komparatívna 
610 2 0 |a výdavky na správu štátnu 
610 2 0 |a obce 
610 2 0 |a služby komunálne 
610 2 0 |a samospráva 
610 2 0 |a benchmarking 
610 2 0 |a riadenie kvality 
100 1 |a Balážová, Eva 
700 1 |a Žárska, Elena, 1955-